15 Ciudades más grandes en África (con un mapa) - Estadísticas

Estadísticas generales
  • Esta prueba ha sido intentada 4.761 veces
  • La puntuación promedio es 10 de 15
Respuestas en el mapa
Las respuestas están codificadas por una escala verde-roja en el mapa de la prueba según el % correcto abajo.
 
Estadísticas de respuestas
Población Ciudad % Correcto
22,8 M El Cairo
99%
14,8 M Johannesburgo
89%
5,70 M Bamako
86%
4,83 M Adís Abeba
84%
5,10 M Ciudad del Cabo
84%
6,90 M Nairobi
83%
6,25 M Alejandría
76%
21,3 M Lagos
76%
16,3 M Kinsasa
71%
9,65 M Luanda
67%
7,20 M Jartum
63%
6,80 M Acra
61%
6,65 M Dar es-Salam
45%
7,05 M Abiyán
27%
5,35 M Kano
23%
No se encontraron pruebas coincidentes
Distribución de puntuación
Porcentaje de gente con cada puntuación
Porcentaje por número respondido
Historial de tus puntuaciones
No has intentado esta prueba.